000 01211nam0a22002771 4500
001 rc\2346269
005 20250623051512.0
035 _a(NLR Aleph) 006588945
090 _a7125104
_c7125104
100 _a20110829d1977 |||y0rusy50 ca
101 0 _arus
102 _aRU
105 _aa z |||||
200 1 _aВопросы совершенствования конструкции и методов ремонта строительных машин на транспорте
_e[Сборник статей]
_fПод общ. ред. д. т. н., проф. М.Ф. Страмоуса
210 _aМосква
_cБ. и.
_d1977
215 _a59 с., 4 л. ил.
_cил.
_d21
225 1 _aГл. упр. учеб. заведениями МПС. Всесоюз. заоч. ин-т инженеров ж.-д. транспорта. Сборник научных трудов
_vВып. 87
320 _aБиблиогр. в конце статей
702 1 _aСтрамоус
_bМ.Ф.
_gМихаил Федорович
_4340
801 0 _aRU
_bNLR
_gpsbo
801 1 _aRU
_bELAR
_2rusmarc
852 _aNLR
_jП10/2195
899 _aRuMoRGB
_jXXIV 219/60
899 _aRuMoRGB
_jXXIV 219/61
942 _cBOOK
980 _aNB